000 00527nam a22001697a 4500
999 _c8947
_d8947
008 210306b ||||| |||| 00| 0 eng d
040 _aBMS College of Architecture
100 _aKumari, Pooja
245 _aRailway terminal Biyyappanahalli Bangalore
300 _a94p.
500 _a1BM0AT033
502 _8B.Arch
_NBMS College of Architecture, Visvesvaraya Technological University (VTU)
_aProject report
_d2013
650 _aBangalore
700 _aVaseem A S
_eGuide
700 _aSathish S Rao
_eGuide
942 _2ddc
_cTHE